000 00741nmc a2200277 a 4500
003 AR-BaBNM
005 20251128210123.0
008 049019s1997 ||||||||||||||000 | spa||
020 _a958-04-3450-6
040 _cAR-BaBNM
100 1 _aSoriano, Osvaldo
245 1 0 _aEl negro de París
260 _aSantafé de Bogotá
_bNorma
_c1997
300 0 _a51 p.
_bil.
490 0 _aTorre de papel. Azul
_vv. 6
500 0 _aSe recomienda a partir de nueve años
650 4 _aLITERATURA ARGENTINA
650 4 _aLIBROS PARA NINOS
650 4 _aLITERATURA INFANTIL
650 4 _aCUENTOS DE ANIMALES
653 0 _aCUENTOS DE AMOR
655 _aLITERATURA
700 1 _aVioli, Daniela
_eilustrador
942 _cBK
998 _cMARTIN
999 _c14131
_d14131